Statistics for Attractions of Singapore by Pictures

Click here to take the quiz!

General Stats

  • This quiz has been taken 45 times
  • The average score is 8 of 10

Answer Stats

Answer% Correct
{Changi} Airport
97%
{Orchard} Road
95%
{Merlion} Park
92%
Gardens by the Bay
90%
Marina Bay Sands
90%
Sentosa
90%
Singapore Flyer
85%
{Raffles} Hotel
77%
Clarke Quay
69%
{ArtScience} Museum
64%

Score Distribution

Percentile by Number Answered

Percent of People with Each Score

Your Score History

You have not taken this quiz